Riconosci l'Anno dagli eventi - Quiz n°10 - Statistics

Statistiche generali
  • Questo quiz è stato fatto 41 volte
  • Il punteggio medio è 8 su 9
Statistiche sulle risposte
Indizio Risposta % Corretto
G 17 agosto: inaugurazione della Ferrovia Milano-Monza
100%
F 21 maggio: William Hobson dichiara la sovranità inglese sulla Nuova Zelanda: l'isola del Nord per la firma del Trattato di Waitangi e quella del Sud per scoperta da parte di Cook
100%
A Samuel Morse inventa il primo telegrafo che utilizza efficientemente l'omonimo codice a tratti e punti
100%
H 4 novembre: William Hobson dichiara la Nuova Zelanda come colonia indipendente dal Nuovo Galles del Sud
97%
E 6 maggio: la Gran Bretagna emette il primo francobollo del mondo, il Penny Black
97%
D Adolphe Sax costruisce il primo sassofono.
97%
B Alessandro Manzoni pubblica la seconda edizione de I promessi sposi
97%
C William Tecumseh Sherman entra nell'esercito degli Stati Uniti d'America come Sottotenente nel III Corpo d'Artiglieria
97%
Anno 1840
54%
Nessun quiz corrispondente trovato
Distribuzione punteggi
Percentuale di utenti per punteggio
Percentile per numero di risposta
I tuoi punteggi nel tempo
Non hai fatto questo quiz